000 00463nam a2200157 4500
001 144108
003 ES-MaACL
005 20230906200939.0
007 t|
008 070214q1905 sp r ||||1| spa d
100 1 _aSicilia y de la Corte, Manuel G.
_9106195
245 1 0 _aAbscesos cerebrales
_b: tesis del doctorado /
_cManuel G. Sicilia y de la Corte.
260 _aMadrid :
_b[s.n.],
_c[1905?]
300 _a26 p. ;
_c21 cm.
852 _aES-MaACL
_jT-1314-F-5
999 _c144108
_d144108